<?xml version="1.0" encoding="UTF-8"?>
<record
    xmlns:xsi="http://www.w3.org/2001/XMLSchema-instance"
    xsi:schemaLocation="http://www.loc.gov/MARC21/slim http://www.loc.gov/standards/marcxml/schema/MARC21slim.xsd"
    xmlns="http://www.loc.gov/MARC21/slim">

  <leader>00496nam a22001697a 4500</leader>
  <datafield tag="952" ind1=" " ind2=" ">
    <subfield code="0">0</subfield>
    <subfield code="1">0</subfield>
    <subfield code="2">ddc</subfield>
    <subfield code="4">0</subfield>
    <subfield code="7">0</subfield>
    <subfield code="8">ENCYCLOPAEDIA</subfield>
    <subfield code="a">MES</subfield>
    <subfield code="b">MES</subfield>
    <subfield code="c">ENCYCLOPAEDIA</subfield>
    <subfield code="d">2019-12-30</subfield>
    <subfield code="l">0</subfield>
    <subfield code="o">820.03 BHA/E</subfield>
    <subfield code="p">28045</subfield>
    <subfield code="r">2019-12-30 00:00:00</subfield>
    <subfield code="t">Vol - 2</subfield>
    <subfield code="w">2019-12-30</subfield>
    <subfield code="y">REF</subfield>
    <subfield code="z">U14R1</subfield>
  </datafield>
  <datafield tag="952" ind1=" " ind2=" ">
    <subfield code="0">0</subfield>
    <subfield code="1">0</subfield>
    <subfield code="2">ddc</subfield>
    <subfield code="4">0</subfield>
    <subfield code="7">0</subfield>
    <subfield code="8">ENCYCLOPAEDIA</subfield>
    <subfield code="a">MES</subfield>
    <subfield code="b">MES</subfield>
    <subfield code="c">ENCYCLOPAEDIA</subfield>
    <subfield code="d">2019-12-30</subfield>
    <subfield code="l">0</subfield>
    <subfield code="o">820.03 BHA/E</subfield>
    <subfield code="p">28046</subfield>
    <subfield code="r">2019-12-30 00:00:00</subfield>
    <subfield code="t">Vol - 3</subfield>
    <subfield code="w">2019-12-30</subfield>
    <subfield code="y">REF</subfield>
    <subfield code="z">U14R1</subfield>
  </datafield>
  <datafield tag="952" ind1=" " ind2=" ">
    <subfield code="0">0</subfield>
    <subfield code="1">0</subfield>
    <subfield code="2">ddc</subfield>
    <subfield code="4">0</subfield>
    <subfield code="7">0</subfield>
    <subfield code="8">ENCYCLOPAEDIA</subfield>
    <subfield code="a">MES</subfield>
    <subfield code="b">MES</subfield>
    <subfield code="c">ENCYCLOPAEDIA</subfield>
    <subfield code="d">2019-12-30</subfield>
    <subfield code="l">0</subfield>
    <subfield code="o">820.03 BHA/E</subfield>
    <subfield code="p">28047</subfield>
    <subfield code="r">2019-12-30 00:00:00</subfield>
    <subfield code="t">Vol - 4</subfield>
    <subfield code="w">2019-12-30</subfield>
    <subfield code="y">REF</subfield>
    <subfield code="z">U14R1</subfield>
  </datafield>
  <datafield tag="952" ind1=" " ind2=" ">
    <subfield code="0">0</subfield>
    <subfield code="1">0</subfield>
    <subfield code="2">ddc</subfield>
    <subfield code="4">0</subfield>
    <subfield code="7">0</subfield>
    <subfield code="8">ENCYCLOPAEDIA</subfield>
    <subfield code="a">MES</subfield>
    <subfield code="b">MES</subfield>
    <subfield code="c">ENCYCLOPAEDIA</subfield>
    <subfield code="d">2019-12-30</subfield>
    <subfield code="l">0</subfield>
    <subfield code="o">820.03 BHA/E</subfield>
    <subfield code="p">28048</subfield>
    <subfield code="r">2019-12-30 00:00:00</subfield>
    <subfield code="t">Vol - 5</subfield>
    <subfield code="w">2019-12-30</subfield>
    <subfield code="y">REF</subfield>
    <subfield code="z">U14R1</subfield>
  </datafield>
  <datafield tag="952" ind1=" " ind2=" ">
    <subfield code="0">0</subfield>
    <subfield code="1">0</subfield>
    <subfield code="2">ddc</subfield>
    <subfield code="4">0</subfield>
    <subfield code="7">0</subfield>
    <subfield code="8">ENCYCLOPAEDIA</subfield>
    <subfield code="a">MES</subfield>
    <subfield code="b">MES</subfield>
    <subfield code="c">ENCYCLOPAEDIA</subfield>
    <subfield code="d">2019-12-30</subfield>
    <subfield code="l">0</subfield>
    <subfield code="o">820.03 BHA/E</subfield>
    <subfield code="p">28049</subfield>
    <subfield code="r">2019-12-30 00:00:00</subfield>
    <subfield code="t">Vol - 6</subfield>
    <subfield code="w">2019-12-30</subfield>
    <subfield code="y">REF</subfield>
    <subfield code="z">U14R1</subfield>
  </datafield>
  <datafield tag="952" ind1=" " ind2=" ">
    <subfield code="0">0</subfield>
    <subfield code="1">0</subfield>
    <subfield code="2">ddc</subfield>
    <subfield code="4">0</subfield>
    <subfield code="7">0</subfield>
    <subfield code="8">ENCYCLOPAEDIA</subfield>
    <subfield code="a">MES</subfield>
    <subfield code="b">MES</subfield>
    <subfield code="c">ENCYCLOPAEDIA</subfield>
    <subfield code="d">2019-12-30</subfield>
    <subfield code="l">0</subfield>
    <subfield code="o">820.03 BHA/E</subfield>
    <subfield code="p">28050</subfield>
    <subfield code="r">2019-12-30 00:00:00</subfield>
    <subfield code="t">Vol - 7</subfield>
    <subfield code="w">2019-12-30</subfield>
    <subfield code="y">REF</subfield>
    <subfield code="z">U14R1</subfield>
  </datafield>
  <datafield tag="952" ind1=" " ind2=" ">
    <subfield code="0">0</subfield>
    <subfield code="1">0</subfield>
    <subfield code="2">ddc</subfield>
    <subfield code="4">0</subfield>
    <subfield code="7">0</subfield>
    <subfield code="8">ENCYCLOPAEDIA</subfield>
    <subfield code="a">MES</subfield>
    <subfield code="b">MES</subfield>
    <subfield code="c">ENCYCLOPAEDIA</subfield>
    <subfield code="d">2020-12-22</subfield>
    <subfield code="l">0</subfield>
    <subfield code="o">820.03 BHA/E</subfield>
    <subfield code="p">28044</subfield>
    <subfield code="r">2020-12-22 00:00:00</subfield>
    <subfield code="t">Vol - 1</subfield>
    <subfield code="w">2020-12-22</subfield>
    <subfield code="y">REF</subfield>
    <subfield code="z">U14R1</subfield>
  </datafield>
  <datafield tag="999" ind1=" " ind2=" ">
    <subfield code="c">40919</subfield>
    <subfield code="d">40919</subfield>
  </datafield>
  <controlfield tag="003">OSt</controlfield>
  <controlfield tag="005">20201222095017.0</controlfield>
  <controlfield tag="008">201222b           ||||| |||| 00| 0 eng d</controlfield>
  <datafield tag="020" ind1=" " ind2=" ">
    <subfield code="a">9788171569557</subfield>
  </datafield>
  <datafield tag="040" ind1=" " ind2=" ">
    <subfield code="c">oclc</subfield>
  </datafield>
  <datafield tag="082" ind1=" " ind2=" ">
    <subfield code="a">820.03</subfield>
    <subfield code="b">BHA/E</subfield>
  </datafield>
  <datafield tag="100" ind1=" " ind2=" ">
    <subfield code="a">Bhatnagar, M K</subfield>
  </datafield>
  <datafield tag="245" ind1=" " ind2=" ">
    <subfield code="a">Encyclopaedia Of Literature In English /</subfield>
    <subfield code="c">M K Bhatnagar</subfield>
  </datafield>
  <datafield tag="260" ind1=" " ind2=" ">
    <subfield code="a">New Delhi:</subfield>
    <subfield code="b">Atlantic Publishers,</subfield>
    <subfield code="c">2001.</subfield>
  </datafield>
  <datafield tag="300" ind1=" " ind2=" ">
    <subfield code="a">306p</subfield>
  </datafield>
  <datafield tag="942" ind1=" " ind2=" ">
    <subfield code="c">REF</subfield>
    <subfield code="2">ddc</subfield>
    <subfield code="h">820.03</subfield>
    <subfield code="i">BHA/E</subfield>
    <subfield code="k">820.03</subfield>
    <subfield code="m">BHA/E</subfield>
  </datafield>
</record>
